Formel 1: Alle Fahrer für McLAREN - Statistiken

Allgemein
  • Dieses Quiz wurde 274 mal gespielt
    248 seit der letzten Aktualisierung
  • Das Durchschnittsergebnis liegt bei 27 aus 59
Antwortstatistiken
Saison Starts Fahrer % Korrekt
2007, 2015 - 2018 94 🇪🇸 Fernando Alonso
97%
2019 - 152 🇬🇧* Lando Norris
96%
2023 - 70 🇦🇺 Oscar Piastri
95%
1988 - 1993 96 🇧🇷*** Ayrton Senna
93%
2007 - 2012 110 🇬🇧* Lewis Hamilton
90%
2021 - 2022 44 🇦🇺 Daniel Ricciardo
89%
1980, 1984 - 1989 107 🇫🇷*** Alain Prost
87%
2019 - 2020 37 🇪🇸 Carlos Sainz
87%
1982 - 1985 58 🇦🇹* Niki Lauda
85%
1993 - 2001 131 🇫🇮** Mika Häkkinen
83%
2010 - 2017 136 🇬🇧 Jenson Button
81%
2002 - 2006 87 🇫🇮 Kimi Räikkönen
77%
1996 - 2004 150 🏴󠁧󠁢󠁳󠁣󠁴󠁿 David Coulthard
73%
1990 - 1992 48 🇦🇹 Gerhard Berger
72%
1995 1 🇩🇰 Jan Magnussen
70%
2014 19 🇩🇰 Kevin Magnussen
70%
1966 - 1970 35 🇳🇿 Bruce McLaren
64%
2013 19 🇲🇽 Sergio Perez
64%
1976 - 1978 49 🇬🇧* James Hunt
63%
2005 - 2006 26 🇨🇴 Juan Pablo Montoya
63%
2008 - 2009 35 🇫🇮 Heikki Kovalainen
60%
1993 13 🇺🇸 Michael Andretti
59%
2016 - 2018 41 🇧🇪 Stoffel Vandoorne
59%
1974 - 1975 28 🇧🇷* Emerson Fittipaldi
58%
1986 16 🇫🇮 Keke Rosberg
56%
1995 2 🇬🇧 Nigel Mansell
55%
1972, 1973 6 🇿🇦 Jody Scheckter
54%
1974 - 1977 49 🇩🇪 Jochen Mass
53%
1978 4 🇧🇷 Nelson Piquet
51%
1977 1 🇨🇦 Gilles Villeneuve
50%
2005 1 🇦🇹 Alexander Wurz
49%
1973 1 🇧🇪 Jacky Ickx
48%
1968 - 1974 86 🇳🇿 Denny Hulme
42%
2005, 2006 9 🇪🇸 Pedro de la Rosa
39%
1994 16 🇬🇧 Martin Brundle
35%
1979 - 1983, 1985 73 🇬🇧 John Watson
32%
1987 16 🇸🇪 Stefan Johansson
31%
1995 15 🇬🇧 Mark Blundell
29%
1978 - 1979 28 🇫🇷 Patrick Tambay
27%
1981 14 🇮🇹 Andrea de Cesaris
25%
1968, 1970 6 🇺🇸 Dan Gurney
22%
1968, 1970, 1971 11 🇸🇪 Joakim Bonnier
22%
1972 - 1973 23 🇺🇸 Peter Revson
22%
1970 - 1971 14 🇺🇸 Peter Gethin
20%
1994 1 🇫🇷 Philippe Alliot
19%
1970 5 🇮🇹 Andrea de Adamich
17%
1969 1 🇬🇧 Derek Bell
17%
1970 4 🇬🇧 John Surtees
16%
1974 11 🇬🇧 Mike Hailwood
12%
1977 - 1978 6 🇮🇹 Bruno Giacomelli
11%
1977 - 1978 17 🇺🇸 Brett Lunger
10%
1972 3 🇬🇧 Brian Redman
10%
1977 2 🇪🇸 Emilio de Villota
9%
1971 3 🇬🇧 Jackie Oliver
9%
1974 3 🇬🇧 David Hobbs
7%
1971 1 🇺🇸 Mark Donohue
5%
1974, 1975 2 🇿🇦 Dave Charlton
4%
1971 4 🇬🇧 Vic Elford
4%
1969 1 🇿🇦 Basil van Rooyen
2%
Keine übereinstimmenden Quizze gefunden
Verteilung der Resultate
Anzahl Personen mit jedem Resultat
Perzentil nach korrekt beantworteten Fragen
Ihre Resultats-Entwicklung
Sie haben dieses Quiz seit der letzten Aktualisierung nicht gespielt